[Event "29. Erfurter Schachfestival 2019 - Seni"]
[Site "Erfurt"]
[Date "2019.12.26"]
[Round "1.1"]
[White "Schulz, Uwe"]
[Black "Pähtz, Thomas"]
[Result "0-1"]
[WhiteElo "1842"]
[BlackElo "2348"]
[PlyCount "36"]
[EventDate "2019.12.26"]

1. d4 Nf6 2. c4 c5 3. Nf3 cxd4 4. Nxd4 e5 5. Nf3 Nc6 6. e3 Bc5 7. Be2 O-O 8.
O-O d5 9. cxd5 Nxd5 10. Qc2 Qe7 11. Nc3 Nxc3 12. bxc3 Be6 13. Rd1 Rac8 14. Bb2
f6 15. Bd3 g6 16. Qa4 Qf7 17. Nd2 Rfd8 18. Bc4 Rxd2 0-1

[Event "29. Erfurter Schachfestival 2019 - Seni"]
[Site "Erfurt"]
[Date "2019.12.26"]
[Round "1.2"]
[White "Weidlich, Günter"]
[Black "Lehmann, Manfred"]
[Result "1-0"]
[WhiteElo "2167"]
[BlackElo "1841"]
[PlyCount "80"]
[EventDate "2019.12.26"]

1. d4 d5 2. Nf3 Nf6 3. c4 e6 4. Nc3 Be7 5. Bf4 c6 6. e3 Nbd7 7. h3 O-O 8. c5 b5
9. a3 a5 10. Bd3 g6 11. b4 a4 12. g4 Bb7 13. Qc2 Ne4 14. Nxe4 dxe4 15. Bxe4 f5
16. gxf5 exf5 17. Bd3 Nf6 18. Rg1 Kh8 19. Be5 Qd5 20. Qe2 Qb3 21. Qc2 Qxc2 22.
Bxc2 Bc8 23. Nd2 Kg8 24. Bd1 Bd7 25. Nb1 Ne4 26. f3 Bh4+ 27. Ke2 Ng5 28. Rh1 f4
29. e4 Be6 30. Nc3 Bc4+ 31. Kd2 Rad8 32. Bd6 Rf7 33. d5 cxd5 34. Nxd5 Bf2 35.
Be2 Bxd5 36. exd5 Be3+ 37. Kc3 Rf5 38. Bxb5 Nxf3 39. Rad1 Ne5 40. Bc7 Ra8 1-0

[Event "29. Erfurter Schachfestival 2019 - Seni"]
[Site "Erfurt"]
[Date "2019.12.26"]
[Round "1.3"]
[White "Everett, Brian"]
[Black "Stahr, Ralf-Peter"]
[Result "0-1"]
[WhiteElo "1823"]
[BlackElo "2158"]
[PlyCount "76"]
[EventDate "2019.12.26"]

1. Nf3 c5 2. c4 Nc6 3. Nc3 g6 4. e4 Bg7 5. Be2 e6 6. O-O Nge7 7. Qc2 O-O 8. d3
d5 9. a3 d4 10. Na2 a5 11. Bg5 a4 12. Qd2 f6 13. Bh6 g5 14. Bxg7 Kxg7 15. h3
Ng6 16. g3 e5 17. Kg2 Be6 18. Rae1 h6 19. Nc1 Qd7 20. Rh1 f5 21. exf5 Rxf5 22.
h4 g4 23. Nh2 h5 24. Rhf1 Raf8 25. Bd1 Nce7 26. Kg1 Qc6 27. Re2 b6 28. Qc2 Bd7
29. b4 axb3 30. Qxb3 Qf6 31. Rb2 Nc8 32. Nxg4 hxg4 33. Bxg4 Nxh4 34. Bxf5 Qxf5
35. f4 Qg4 36. Ne2 Bc6 37. Qd1 exf4 38. Rxf4 Rxf4 0-1

[Event "29. Erfurter Schachfestival 2019 - Seni"]
[Site "Erfurt"]
[Date "2019.12.26"]
[Round "1.4"]
[White "Feld-Gerdes, Wolfgang"]
[Black "Loose, Helmut"]
[Result "1-0"]
[WhiteElo "2080"]
[BlackElo "1809"]
[PlyCount "49"]
[EventDate "2019.12.26"]

1. e4 d6 2. d4 Nf6 3. Nc3 g6 4. f4 Bg7 5. Nf3 c6 6. e5 dxe5 7. fxe5 Nd5 8. Bc4
O-O 9. O-O Nxc3 10. bxc3 b5 11. Bb3 a5 12. Ng5 e6 13. a4 Ra7 14. Qg4 Kh8 15.
Ba3 h6 16. Bxf8 Qxf8 17. Qh4 Qe8 18. Rf2 Kg8 19. Ne4 g5 20. Qh5 c5 21. Nd6 Qf8
22. Raf1 c4 23. Rxf7 Rxf7 24. Rxf7 Qd8 25. Qg6 1-0

[Event "29. Erfurter Schachfestival 2019 - Seni"]
[Site "Erfurt"]
[Date "2019.12.26"]
[Round "1.5"]
[White "Rauscher, Joachim"]
[Black "Muuss, Klaus"]
[Result "0-1"]
[WhiteElo "1807"]
[BlackElo "2064"]
[PlyCount "80"]
[EventDate "2019.12.26"]

1. e4 c5 2. Nf3 d6 3. d4 cxd4 4. Nxd4 Nf6 5. Nc3 g6 6. Be3 Bg7 7. f3 O-O 8. Qd2
Nc6 9. Bc4 Bd7 10. O-O-O Rc8 11. Bb3 Nxd4 12. Bxd4 b5 13. h4 h5 14. Be3 a5 15.
a3 Qc7 16. Kb1 a4 17. Nd5 Nxd5 18. Bxd5 Be6 19. c3 Bxd5 20. exd5 Qc4 21. Qd3
Qb3 22. Bd4 Qxd5 23. Bxg7 Qxd3+ 24. Rxd3 Kxg7 25. Re1 Rc7 26. Rd5 Rb8 27. Re4
Rb6 28. g4 e6 29. Rd1 d5 30. Red4 hxg4 31. fxg4 Rc4 32. Kc2 Rbc6 33. Rxc4 Rxc4
34. Rg1 Rf4 35. Rg2 Rf3 36. Kd2 Rh3 37. h5 gxh5 38. gxh5+ Kf6 39. Rf2+ Ke7 40.
Rf4 Rh2+ 0-1

[Event "29. Erfurter Schachfestival 2019 - Seni"]
[Site "Erfurt"]
[Date "2019.12.26"]
[Round "1.6"]
[White "Albrecht, Ulrich"]
[Black "Lehmann, Joachim"]
[Result "1/2-1/2"]
[WhiteElo "2061"]
[BlackElo "1805"]
[PlyCount "22"]
[EventDate "2019.12.26"]

1. d4 d5 2. Nf3 Nf6 3. g3 e6 4. Bg2 Bb4+ 5. c3 Bd6 6. O-O O-O 7. c4 c6 8. b3
Nbd7 9. Bb2 b6 10. Nbd2 Bb7 11. Rc1 Rc8 1/2-1/2

[Event "29. Erfurter Schachfestival 2019 - Seni"]
[Site "Erfurt"]
[Date "2019.12.26"]
[Round "1.7"]
[White "Herborth, Manfred"]
[Black "Werner, Bernd-Michael"]
[Result "0-1"]
[WhiteElo "1795"]
[BlackElo "2059"]
[PlyCount "28"]
[EventDate "2019.12.26"]

1. d4 Nf6 2. Bf4 d6 3. Nc3 g6 4. e4 Bg7 5. Qd2 h6 6. O-O-O a6 7. Kb1 b5 8. f3
Nfd7 9. e5 Nb6 10. exd6 cxd6 11. Qe3 b4 12. Ne4 Nd5 13. Nxd6+ Qxd6 14. Bxd6
Nxe3 0-1

[Event "29. Erfurter Schachfestival 2019 - Seni"]
[Site "Erfurt"]
[Date "2019.12.26"]
[Round "1.8"]
[White "Wünsch, Ulrich"]
[Black "Welsch, Dieter Sen"]
[Result "1-0"]
[WhiteElo "2050"]
[BlackElo "1794"]
[PlyCount "67"]
[EventDate "2019.12.26"]

1. d4 d5 2. Nf3 Nf6 3. e3 Bg4 4. h3 Bh5 5. g4 Bg6 6. Ne5 Nbd7 7. h4 h6 8. Nxg6
fxg6 9. Bd3 e5 10. Bxg6+ Ke7 11. Bd2 b6 12. Nc3 Kd6 13. Qe2 c6 14. O-O-O Kc7
15. g5 hxg5 16. hxg5 Rxh1 17. Rxh1 Ng8 18. Bf7 exd4 19. exd4 Qe7 20. Bxg8 Qb4
21. Bxd5 Qxd4 22. Be3 Qe5 23. Bg2 Re8 24. Qc4 Qe6 25. Qxe6 Rxe6 26. Bh3 Re8 27.
Bf4+ Ne5 28. Re1 Bd6 29. Bxe5 Bxe5 30. Re4 Re7 31. f4 Bd6 32. Rxe7+ Bxe7 33.
Kd2 Kd6 34. Kd3 1-0

[Event "29. Erfurter Schachfestival 2019 - Seni"]
[Site "Erfurt"]
[Date "2019.12.26"]
[Round "1.9"]
[White "Abel, Hans-Peter"]
[Black "Hüttemann, Karl-Heinz"]
[Result "1/2-1/2"]
[WhiteElo "1767"]
[BlackElo "2043"]
[Annotator "Ruether,Rudolf"]
[PlyCount "44"]
[EventDate "2019.12.26"]

1. Nf3 Nf6 2. c4 e6 3. d4 d5 4. e3 Be7 5. Nbd2 O-O 6. Qc2 b6 7. Bd3 h6 8. a3 a5
9. b3 Nbd7 10. Bb2 Bb7 11. O-O Rc8 12. Rac1 c5 13. Qb1 Rc7 14. Rfe1 Qa8 15.
cxd5 exd5 16. Ne5 Rfc8 17. f3 cxd4 18. Nxd7 Nxd7 19. exd4 Rxc1 20. Rxc1 {(=)}
Rxc1+ 21. Qxc1 Bd6 22. Nf1 Qf8 1/2-1/2

[Event "29. Erfurter Schachfestival 2019 - Seni"]
[Site "Erfurt"]
[Date "2019.12.26"]
[Round "1.10"]
[White "Etzold, Walter"]
[Black "Wanka, Gerd"]
[Result "1/2-1/2"]
[WhiteElo "2041"]
[BlackElo "1760"]
[PlyCount "70"]
[EventDate "2019.12.26"]

1. d4 d5 2. Nf3 Nf6 3. c4 e6 4. Nc3 c6 5. Bg5 Nbd7 6. e3 h6 7. Bh4 Be7 8. Bd3
b6 9. O-O Ba6 10. cxd5 Bxd3 11. Qxd3 Nxd5 12. Bxe7 Nxe7 13. Rfd1 O-O 14. Rac1
Rc8 15. Qa6 Rc7 16. Qc4 Qb8 17. e4 Rfc8 18. Qe2 Nf6 19. h3 Rd7 20. Re1 Ng6 21.
e5 Nd5 22. Ne4 Ngf4 23. Qd2 f6 24. exf6 Nxf6 25. g3 Nxh3+ 26. Kg2 Nxe4 27. Rxe4
Ng5 28. Nxg5 hxg5 29. Rxe6 c5 30. d5 Qb7 31. Rd1 Re7 32. f3 Rxe6 33. dxe6 g4
34. Qd5 gxf3+ 35. Kxf3 Qe7 1/2-1/2

[Event "29. Erfurter Schachfestival 2019 - Seni"]
[Site "Erfurt"]
[Date "2019.12.26"]
[Round "1.11"]
[White "Svanholm, Borge Waaktaar"]
[Black "Kröncke, Manfred"]
[Result "1-0"]
[WhiteElo "1727"]
[BlackElo "2034"]
[PlyCount "83"]
[EventDate "2019.12.26"]

1. c4 e6 2. Nc3 d5 3. d4 Nf6 4. cxd5 exd5 5. Bg5 Be7 6. e3 c6 7. Bd3 O-O 8. Nf3
Re8 9. O-O Nbd7 10. Qc2 Nf8 11. h3 Nh5 12. Bxe7 Qxe7 13. Rab1 g6 14. b4 Be6 15.
b5 c5 16. dxc5 Qxc5 17. Rfc1 Rec8 18. Qd2 Qd6 19. Rc2 Nf6 20. Rbc1 Rc5 21. Nd4
Rd8 22. Nce2 Rxc2 23. Rxc2 N8d7 24. Nf4 Ne5 25. Be2 b6 26. Qc1 g5 27. Nfxe6
fxe6 28. Nc6 Rd7 29. Qb2 Rc7 30. Nxe5 Rxc2 31. Qxc2 Qxe5 32. Qc8+ Kg7 33. Qb7+
Kh6 34. Qxa7 Ne4 35. Bd3 Qa1+ 36. Kh2 Qe5+ 37. Kg1 Qa1+ 38. Kh2 Qe5+ 39. g3 Qf6
40. Bxe4 dxe4 41. Kg1 Qd8 42. Qf7 1-0

[Event "29. Erfurter Schachfestival 2019 - Seni"]
[Site "Erfurt"]
[Date "2019.12.26"]
[Round "1.12"]
[White "Pfitzer, Norbert"]
[Black "Teichmann, Axel"]
[Result "1-0"]
[WhiteElo "2028"]
[BlackElo "1716"]
[PlyCount "59"]
[EventDate "2019.12.26"]

1. Nf3 Nc6 2. d4 d5 3. g3 Nf6 4. Bg2 e6 5. O-O Bd6 6. c4 dxc4 7. Qa4 Bd7 8.
Qxc4 Nd5 9. Nc3 Nb6 10. Qd3 Nb4 11. Qb1 N6d5 12. e4 Nxc3 13. bxc3 Nc6 14. Qxb7
Rb8 15. Qa6 Rb6 16. Qd3 Na5 17. Re1 Bb5 18. Qd1 O-O 19. Bf1 f6 20. Bxb5 Rxb5
21. Qd3 c6 22. c4 Rb8 23. Bd2 Bb4 24. Rab1 Bxd2 25. Nxd2 Rxb1 26. Rxb1 c5 27.
d5 a6 28. Qa3 exd5 29. exd5 Qc7 30. d6 1-0

[Event "29. Erfurter Schachfestival 2019 - Seni"]
[Site "Erfurt"]
[Date "2019.12.26"]
[Round "1.13"]
[White "Bryx, Joachim"]
[Black "Brettschneider, Karl"]
[Result "1/2-1/2"]
[WhiteElo "1700"]
[BlackElo "2019"]
[PlyCount "94"]
[EventDate "2019.12.26"]

1. e4 c5 2. Nf3 Nc6 3. d4 cxd4 4. Nxd4 e5 5. Nf3 Nf6 6. Nbd2 Bc5 7. Bc4 O-O 8.
O-O d6 9. h3 a6 10. a3 b5 11. Bd5 Bb7 12. Nb3 Bb6 13. Bg5 h6 14. Bxf6 Qxf6 15.
Qd3 Rab8 16. Rad1 Rfd8 17. Nh2 Nd4 18. Nxd4 Bxd4 19. c3 Bxd5 20. exd5 Bb6 21.
Ng4 Qg5 22. Qd2 Qg6 23. Kh1 f5 24. Nh2 f4 25. Qe2 Rbc8 26. Qg4 Qf7 27. Rd2 Re8
28. g3 Rc4 29. Qe2 Qf5 30. g4 Qf7 31. Nf3 e4 32. Ng1 e3 33. Rd3 Qg6 34. f3 Qf6
35. Qh2 g5 36. Ne2 Kg7 37. Kg2 Re5 38. Rfd1 Rc8 39. Nd4 Bxd4 40. Rxd4 Rc5 41.
h4 Qf7 42. hxg5 hxg5 43. Rh1 Qg8 44. Qh6+ Kf7 45. Qxd6 Re7 46. Qxc5 Qg6 47. d6
Qc2+ 1/2-1/2

[Event "29. Erfurter Schachfestival 2019 - Seni"]
[Site "Erfurt"]
[Date "2019.12.26"]
[Round "1.14"]
[White "Schmidt, Matthias"]
[Black "Hülle, Gunter"]
[Result "1-0"]
[WhiteElo "1987"]
[BlackElo "1699"]
[PlyCount "56"]
[EventDate "2019.12.26"]

1. e4 e6 2. d4 d5 3. Nc3 Nf6 4. e5 Nfd7 5. f4 c5 6. Nf3 a6 7. Be3 b5 8. dxc5
Bxc5 9. Nd4 Qb6 10. g3 Nc6 11. Nce2 Bb7 12. a3 a5 13. c3 b4 14. Bg2 O-O 15. O-O
Ba6 16. Rf2 bxa3 17. bxa3 Rfb8 18. Nc1 Bc4 19. Bf1 Bxf1 20. Kxf1 Nxd4 21. cxd4
Be7 22. f5 Qb5+ 23. Kg2 Nb6 24. f6 Bf8 25. fxg7 Bxg7 26. Qg4 Kf8 27. Qh5 Qe8
28. Qxh7 Nc4 1-0

[Event "29. Erfurter Schachfestival 2019 - Seni"]
[Site "Erfurt"]
[Date "2019.12.26"]
[Round "1.15"]
[White "Flockerzi, Armin"]
[Black "Vogel, Alfred"]
[Result "1/2-1/2"]
[WhiteElo "1696"]
[BlackElo "1966"]
[PlyCount "99"]
[EventDate "2019.12.26"]

1. Nf3 Nf6 2. d4 d5 3. g3 g6 4. Bg2 Bg7 5. Nbd2 c6 6. b3 Nbd7 7. Bb2 O-O 8. O-O
Re8 9. Re1 h6 10. Rc1 e6 11. e3 g5 12. c4 Nf8 13. Ne5 N6d7 14. cxd5 exd5 15.
Nxd7 Bxd7 16. Qc2 f5 17. f4 g4 18. Ba3 Qf6 19. Qc5 Ne6 20. Qc3 Nc7 21. Bf1 h5
22. Bb2 Bf8 23. b4 a6 24. a4 Rac8 25. Nb3 Ra8 26. Nc5 Bc8 27. a5 Re7 28. Nd3
Nb5 29. Qd2 Nd6 30. Ne5 Ne4 31. Qg2 Rh7 32. Bd3 Bxb4 33. Re2 Bxa5 34. Bxe4 fxe4
35. Rec2 Bd7 36. Qf1 h4 37. Rg2 h3 38. Rf2 Rg7 39. Qd1 Rf8 40. Nxd7 Rxd7 41.
Qxg4+ Rg7 42. Qxh3 Bb4 43. Ra1 Qd6 44. Qf1 a5 45. Qc1 b5 46. Rc2 Rg6 47. Bc3
Bxc3 48. Rxc3 a4 49. Rc5 Qd7 50. Ra2 1/2-1/2

[Event "29. Erfurter Schachfestival 2019 - Seni"]
[Site "Erfurt"]
[Date "2019.12.26"]
[Round "1.16"]
[White "Kirste, Olaf"]
[Black "Kolling, Peter Josef"]
[Result "1-0"]
[WhiteElo "1891"]
[BlackElo "1658"]
[Annotator "Ruether,Rudolf"]
[PlyCount "75"]
[EventDate "2019.12.26"]

1. c4 Nf6 2. Nc3 d5 3. d4 c6 4. Nf3 Bg4 5. Ne5 Nbd7 6. cxd5 Nxe5 7. dxe5 Nxd5
8. Qb3 Nxc3 9. Qxc3 e6 10. Be3 Qc7 11. g3 a5 12. a3 Rd8 13. Bg2 Be7 14. Bd2 Ra8
15. Qe3 h6 16. O-O O-O 17. Bc3 b6 18. Qe4 Bh5 19. g4 Bg6 20. Qxc6 Qxc6 21. Bxc6
Rac8 22. Bf3 Rfd8 23. Rac1 f6 24. e3 fxe5 25. Bxe5 Bf6 26. Bxf6 gxf6 27. Bb7
Rxc1 28. Rxc1 Rd2 {(=)} 29. b4 axb4 30. axb4 Rb2 31. Rc4 Bd3 32. Rd4 Rb1+ 33.
Kg2 Bf1+ 34. Kg3 b5 35. Bf3 Bc4 36. Rd8+ Kf7 37. Rd7+ Kg6 38. Be4+ 1-0

[Event "29. Erfurter Schachfestival 2019 - Seni"]
[Site "Erfurt"]
[Date "2019.12.26"]
[Round "1.17"]
[White "Zoll, Detlef"]
[Black "Hauke, Hans"]
[Result "1-0"]
[WhiteElo "1926"]
[BlackElo "1690"]
[PlyCount "51"]
[EventDate "2019.12.26"]

1. d4 d5 2. Nc3 Nf6 3. Bg5 Nbd7 4. f3 h6 5. Bh4 g5 6. Bf2 c6 7. e4 e5 8. exd5
exd4 9. Bxd4 c5 10. Bf2 Nb6 11. Bb5+ Bd7 12. Qe2+ Qe7 13. O-O-O O-O-O 14. d6
Qxe2 15. Ngxe2 Bxb5 16. Nxb5 a6 17. Bxc5 Nfd7 18. Bd4 Rg8 19. Nbc3 Bxd6 20. Ne4
Bc7 21. g3 Rge8 22. N2c3 Be5 23. Bxe5 Rxe5 24. Nd6+ Kc7 25. Nxf7 Rf5 26. Nxd8
1-0

[Event "29. Erfurter Schachfestival 2019 - Seni"]
[Site "Erfurt"]
[Date "2019.12.26"]
[Round "1.18"]
[White "Bartsch, Marius"]
[Black "Klein, Gernot"]
[Result "0-1"]
[WhiteElo "1638"]
[BlackElo "1875"]
[PlyCount "92"]
[EventDate "2019.12.26"]

1. d4 d5 2. Nc3 Nf6 3. Bf4 c6 4. e3 Bf5 5. f3 e6 6. g4 Bg6 7. h4 h6 8. Bd3 Bxd3
9. Qxd3 Bd6 10. Nge2 Qc7 11. O-O-O Nbd7 12. Bxd6 Qxd6 13. e4 Qc7 14. e5 Ng8 15.
f4 O-O-O 16. Kb1 Nb6 17. b3 Ne7 18. f5 Kb8 19. Nf4 Qd7 20. fxe6 fxe6 21. Rdf1
Rhf8 22. Ng6 Nxg6 23. Qxg6 Qe7 24. Kb2 Nd7 25. Ne2 c5 26. c3 cxd4 27. cxd4 Qb4
28. Qd3 Nb6 29. Ka1 Rc8 30. Rxf8 Qxf8 31. Nc3 Qf4 32. Rg1 Qf2 33. Rd1 Qxh4 34.
Nb5 Qxg4 35. Rf1 Qg5 36. Qd1 Qe7 37. Nd6 Rf8 38. Rg1 Nc8 39. Qg4 g5 40. Nb5 Rf4
41. Qd1 a6 42. Nc3 Qb4 43. Ne2 Rf7 44. Qd3 Qf8 45. Ng3 Ne7 46. Qg6 Nxg6 0-1

[Event "29. Erfurter Schachfestival 2019 - Seni"]
[Site "Erfurt"]
[Date "2019.12.26"]
[Round "1.19"]
[White "Just, Gabriele"]
[Black "Jackisch, Johannes"]
[Result "1/2-1/2"]
[WhiteElo "1869"]
[BlackElo "1600"]
[Annotator "Ruether,Rudolf"]
[PlyCount "130"]
[EventDate "2019.12.26"]

1. d4 d5 2. Nf3 e6 3. Bf4 c5 4. e3 Nc6 5. c3 cxd4 6. exd4 Nf6 7. Nbd2 Bd6 8.
Bg5 h6 9. Bxf6 Qxf6 10. Bd3 O-O 11. O-O Re8 12. Re1 Bd7 13. Qb3 Na5 14. Qd1
Rac8 15. Ne5 Rc7 16. Qh5 Bxe5 17. dxe5 Qg5 18. Qe2 Nc6 19. a4 a6 20. a5 Rec8
21. g3 Na7 22. f4 Qe7 23. Nf3 Bb5 24. Kg2 Bxd3 {(=)} 25. Qxd3 Rc5 26. f5 exf5
27. Qxf5 Qe6 28. Nd4 Qxf5 29. Nxf5 Nc6 30. Red1 Kf8 31. Ne3 {(=)} Rxa5 32. Rxa5
Nxa5 33. Rxd5 Nc6 34. Kf3 Re8 35. Kf4 g5+ 36. Kg4 Rxe5 37. Rxe5 Nxe5+ 38. Kf5
Nd7 39. Ng4 Kg7 40. Ne3 Nc5 41. g4 Na4 42. Nd1 Nc5 43. Ne3 Ne6 44. Nd5 Nc5 45.
Ne3 Nd3 46. Nd1 Ne1 47. Nf2 Nf3 48. h3 Nd2 49. Nd1 Nc4 50. Ke4 Kg6 51. Kd4 Nd6
52. Kc5 Nc8 53. Ne3 h5 54. Kd5 hxg4 55. hxg4 Kf6 56. Ke4 Ke6 57. Kd4 Ne7 58.
Kc5 f5 59. gxf5+ Nxf5 60. Ng4 Nd6 61. c4 Nc8 62. Kd4 Kf5 63. Nh6+ Kf4 64. b4 g4
65. Nxg4 Kxg4 {remis nach weiteren Zuegen} 1/2-1/2

[Event "29. Erfurter Schachfestival 2019 - Seni"]
[Site "Erfurt"]
[Date "2019.12.26"]
[Round "1.20"]
[White "Lüders, Günter"]
[Black "Wozny, Michael"]
[Result "1/2-1/2"]
[WhiteElo "1679"]
[BlackElo "1906"]
[PlyCount "81"]
[EventDate "2019.12.26"]

1. d4 d5 2. Nf3 Bg4 3. Ne5 Bh5 4. Bf4 Nf6 5. Nd2 e6 6. c3 Nbd7 7. Qb3 Qc8 8. e3
Nxe5 9. Bxe5 Nd7 10. Bg3 Be7 11. c4 c6 12. Bd3 Bg6 13. Bxg6 hxg6 14. O-O O-O
15. Rac1 Nf6 16. h3 Qd7 17. c5 Bd8 18. Nf3 Bc7 19. Bxc7 Qxc7 20. Qc2 Nd7 21.
Qc3 Rae8 22. Rfd1 e5 23. dxe5 Nxe5 24. Nd4 f5 25. Ne2 Qf7 26. g3 Nd7 27. Kg2
Nf6 28. Qa3 g5 29. Nd4 g6 30. Rh1 a6 31. Nf3 Ne4 32. Nd4 Qd7 33. Ne2 Rf7 34. h4
g4 35. Nf4 Kg7 36. b4 Qe7 37. Qb2+ Qf6 38. Qxf6+ Kxf6 39. Rh2 Kg7 40. Rch1 Nf6
41. h5 1/2-1/2

[Event "29. Erfurter Schachfestival 2019 - Seni"]
[Site "Erfurt"]
[Date "2019.12.26"]
[Round "1.21"]
[White "Wolkenstein, Eckhardt"]
[Black "Klein, Reinhard"]
[Result "1-0"]
[WhiteElo "1589"]
[BlackElo "1868"]
[PlyCount "79"]
[EventDate "2019.12.26"]

1. d4 Nf6 2. c4 e6 3. Nc3 Bb4 4. Bg5 h6 5. Bh4 d6 6. e3 Nbd7 7. Bd3 c5 8. Nge2
Qa5 9. O-O cxd4 10. exd4 d5 11. a3 Be7 12. b4 Qd8 13. c5 g5 14. Bg3 h5 15. Nb5
h4 16. Bc7 Kf8 17. Bxd8 Bxd8 18. Nd6 Be7 19. Nxc8 Rxc8 20. Bb5 Nb8 21. f4 Ne4
22. Qd3 f5 23. Nc3 a6 24. Ba4 b5 25. Bc2 gxf4 26. Rxf4 Bg5 27. Rf3 Ke7 28. Qe2
Nc6 29. Nxe4 Nxd4 30. Qf2 Nxf3+ 31. Qxf3 fxe4 32. Qb3 Rcd8 33. a4 Bd2 34. axb5
axb5 35. Ra7+ Kf6 36. Qb2+ Kg5 37. Qg7+ Kf4 38. g3+ Kf3 39. Bd1+ Ke3 40. Ra3+
1-0

[Event "29. Erfurter Schachfestival 2019 - Seni"]
[Site "Erfurt"]
[Date "2019.12.26"]
[Round "1.22"]
[White "Brüning, Wolfgang"]
[Black "Helm, Helga"]
[Result "1/2-1/2"]
[WhiteElo "1855"]
[BlackElo "1555"]
[PlyCount "90"]
[EventDate "2019.12.26"]

1. Nf3 d5 2. d4 Nc6 3. e3 e6 4. Bd3 Nf6 5. O-O Be7 6. b3 O-O 7. Bb2 Bd7 8. Nbd2
Bd6 9. c4 b6 10. Rc1 Nb4 11. Bb1 c5 12. a3 Na6 13. Qe2 Nc7 14. e4 dxe4 15. Nxe4
Nxe4 16. Bxe4 Rb8 17. dxc5 bxc5 18. Rfd1 Qe7 19. Qd2 Ne8 20. Bc2 f5 21. Ne5 Rb7
22. Qe2 Bxe5 23. Bxe5 Bc6 24. f4 Qf7 25. Qf2 Qg6 26. Rd3 Nf6 27. Rg3 Qf7 28.
Qxc5 Be4 29. Bxf6 Qxf6 30. Bxe4 fxe4 31. Qe3 Qxf4 32. Qxf4 Rxf4 33. Rf1 e5 34.
Re3 Rbf7 35. Rxf4 Rxf4 36. b4 Kf7 37. a4 Ke6 38. g3 Rf3 39. Rxe4 Kf5 40. Re1
Rb3 41. Rc1 Rxb4 42. c5 Rb7 43. c6 Rc7 44. Kf2 Ke6 45. Ke3 Kd6 1/2-1/2

[Event "29. Erfurter Schachfestival 2019 - Seni"]
[Site "Erfurt"]
[Date "2019.12.26"]
[Round "1.23"]
[White "Reitmaier, Adolf"]
[Black "Hölting, Siegfried"]
[Result "1/2-1/2"]
[WhiteElo "1550"]
[BlackElo "1854"]
[PlyCount "54"]
[EventDate "2019.12.26"]

1. c4 e5 2. Nc3 c5 3. g3 Nc6 4. Bg2 d6 5. a3 Be6 6. b3 Nf6 7. e3 a6 8. Nge2 g6
9. d4 cxd4 10. exd4 exd4 11. Nxd4 Nxd4 12. Qxd4 Rb8 13. Bg5 Bg7 14. O-O O-O 15.
Qh4 h6 16. Bxh6 Qa5 17. Bxg7 Kxg7 18. Qd4 Qe5 19. Rad1 b5 20. Qxe5 dxe5 21.
cxb5 Bxb3 22. Rb1 Bc4 23. Rfe1 axb5 24. Rxe5 Bd3 25. Rbe1 Rfc8 26. Nb1 Bc4 27.
Bf1 Ng4 1/2-1/2

[Event "29. Erfurter Schachfestival 2019 - Seni"]
[Site "Erfurt"]
[Date "2019.12.26"]
[Round "1.24"]
[White "Bodemer, Wolfgang"]
[Black "Bangert, Ruediger"]
[Result "1-0"]
[WhiteElo "1850"]
[BlackElo "1524"]
[PlyCount "132"]
[EventDate "2019.12.26"]

1. d4 Nf6 2. c4 g6 3. g3 Bg7 4. Nf3 O-O 5. Bg2 d6 6. O-O Re8 7. Nc3 c6 8. h3
Be6 9. b3 Qa5 10. Bd2 Nbd7 11. e4 Qc7 12. d5 cxd5 13. exd5 Bf5 14. Re1 Nc5 15.
Nh4 Bd7 16. Qc2 Qc8 17. Kh2 Nh5 18. Re2 e6 19. Rae1 e5 20. b4 Na6 21. Qb3 Qd8
22. Ne4 Bf8 23. b5 Nc7 24. Bb4 Bf5 25. Nxf5 gxf5 26. Nd2 b6 27. h4 Be7 28. Bh3
Ng7 29. Qf3 Qd7 30. Qg2 h5 31. Ne4 Qd8 32. Nd2 Kh8 33. Qf3 Qc8 34. Nf1 Rg8 35.
Ne3 Qf8 36. Nxf5 Nxf5 37. Qxf5 Rg7 38. Qxh5+ Rh7 39. Qg4 Ne8 40. Bd2 Nf6 41.
Qf3 Qg8 42. Bg5 Nxd5 43. Bxe7 Nxe7 44. Qf6+ Rg7 45. Qxe7 Qb8 46. Qf6 Qc7 47.
Bg2 Rag8 48. Bc6 a6 49. a4 axb5 50. axb5 Rf8 51. Rd1 Kg8 52. Qxd6 Qa7 53. Qxe5
Qa4 54. Bd5 Qxd1 55. Qe3 Qa1 56. Qxb6 Qd1 57. Qe3 Qa4 58. b6 Rb8 59. b7 Qd7 60.
Qe5 Qd8 61. c5 Rh7 62. Kg2 Rg7 63. Re4 Qf8 64. c6 Kh7 65. Qf5+ Kg8 66. c7 Rxg3+
1-0

[Event "29. Erfurter Schachfestival 2019 - Seni"]
[Site "Erfurt"]
[Date "2019.12.26"]
[Round "1.25"]
[White "Grüneschild, Hildegard"]
[Black "Jaeger, Andre"]
[Result "0-1"]
[WhiteElo "1268"]
[BlackElo "1850"]
[PlyCount "42"]
[EventDate "2019.12.26"]

1. c4 g6 2. Nc3 c5 3. g3 Bg7 4. Bg2 Nc6 5. Nf3 e6 6. e3 Nge7 7. O-O d5 8. Re1
d4 9. exd4 cxd4 10. d3 dxc3 11. Be3 O-O 12. Qc2 cxb2 13. Nd4 bxa1=Q 14. Rxa1
Bxd4 15. Bxd4 Qxd4 16. Re1 Rd8 17. Re4 Qxd3 18. Re3 Qxc2 19. Be4 Rd1+ 20. Kg2
Qxc4 21. Bf3 Qf1# 0-1

[Event "29. Erfurter Schachfestival 2019 - Seni"]
[Site "Erfurt"]
[Date "2019.12.27"]
[Round "2.1"]
[White "Pähtz, Thomas"]
[Black "Schmidt, Matthias"]
[Result "1-0"]
[WhiteElo "2348"]
[BlackElo "1987"]
[PlyCount "55"]
[EventDate "2019.12.26"]

1. e4 c5 2. Nf3 e6 3. d4 cxd4 4. Nxd4 a6 5. Bd3 Qc7 6. O-O Nf6 7. Qe2 d6 8. c4
Nc6 9. Nxc6 bxc6 10. Nc3 g6 11. c5 Nd7 12. cxd6 Bxd6 13. f4 O-O 14. e5 Be7 15.
Be3 c5 16. Rac1 Qa5 17. b3 Bb7 18. Be4 Bxe4 19. Nxe4 Rac8 20. Rfd1 Rc7 21. Nd6
Nb6 22. b4 Qa4 23. bxc5 Nd5 24. Rc4 Qa5 25. Bf2 Rb8 26. g3 Qa3 27. Rc2 Qa4 28.
Rdc1 1-0

[Event "29. Erfurter Schachfestival 2019 - Seni"]
[Site "Erfurt"]
[Date "2019.12.27"]
[Round "2.2"]
[White "Zoll, Detlef"]
[Black "Weidlich, Günter"]
[Result "0-1"]
[WhiteElo "1926"]
[BlackElo "2167"]
[PlyCount "102"]
[EventDate "2019.12.26"]

1. d4 g6 2. e4 Bg7 3. Nc3 c6 4. Be3 d6 5. Qd2 b5 6. Bd3 Nd7 7. Nf3 Qc7 8. O-O
Bb7 9. h3 a6 10. Ne2 c5 11. c3 Ngf6 12. Ng3 O-O 13. Rac1 e5 14. Bb1 a5 15. dxe5
Nxe5 16. Nxe5 dxe5 17. Rfd1 Rfd8 18. Qe2 c4 19. Rxd8+ Rxd8 20. Rd1 Bf8 21. f3
Rxd1+ 22. Qxd1 Nd7 23. Nf1 Nc5 24. Qd2 Qd6 25. Qxd6 Bxd6 26. Kf2 f6 27. Ke2 Kf7
28. Bxc5 Bxc5 29. Nd2 Ba6 30. a3 h5 31. Ba2 a4 32. Bb1 h4 33. Nf1 Bf8 34. Ne3
Bh6 35. Bc2 Bb7 36. Bb1 Bf8 37. Bc2 Kg7 38. Ng4 Bc8 39. Ne3 Be6 40. Bb1 Kh7 41.
Bc2 Kh6 42. Bb1 Kg5 43. Bc2 Kf4 44. Nf1 Bc5 45. Bb1 Bd7 46. Bc2 Bc6 47. Bb1 f5
48. exf5 gxf5 49. Bc2 e4 50. fxe4 fxe4 51. Nd2 Be3 0-1

[Event "29. Erfurter Schachfestival 2019 - Seni"]
[Site "Erfurt"]
[Date "2019.12.27"]
[Round "2.3"]
[White "Klein, Gernot"]
[Black "Feld-Gerdes, Wolfgang"]
[Result "0-1"]
[WhiteElo "1875"]
[BlackElo "2080"]
[Annotator "Ruether,Rudolf"]
[PlyCount "110"]
[EventDate "2019.12.26"]

1. e4 c5 2. Nf3 e6 3. d4 cxd4 4. Nxd4 Nc6 5. Nc3 Qc7 6. Be3 a6 7. Bd3 Bd6 8.
Nf3 b5 9. O-O Bb4 10. Ne2 Nf6 11. h3 d5 12. exd5 Nxd5 13. Bg5 Ne5 14. Be4 Bb7
15. Qd4 Bd6 16. c3 h6 17. Bh4 f5 18. Bxd5 Bxd5 19. Nxe5 Bxe5 20. Bg3 Bxd4 21.
Bxc7 Bf6 22. Nf4 Bc4 23. Rfe1 Rc8 24. Be5 Kf7 25. Bxf6 Kxf6 26. b3 Bd5 27.
Nxd5+ exd5 28. Rad1 Rhd8 29. Rd3 g5 30. g3 Rc6 31. Kf1 Rcd6 32. Rd4 Rc6 33. Rd3
a5 34. Red1 Ke5 35. Re1+ Kd6 36. Red1 Kc5 37. Re3 Rf6 38. Re5 f4 39. Ke2 fxg3
40. fxg3 Rdd6 41. Rd3 a4 42. bxa4 bxa4 43. Rd4 a3 44. Ra4 Ra6 45. Rxa6 Rxa6 46.
Kd3 Rf6 47. Ke3 Kc4 48. h4 gxh4 49. gxh4 Rd6 50. Re8 Kxc3 51. Rc8+ Kb2 52. Kd4
Kxa2 53. Kc5 Rd7 54. Kc6 Rf7 55. Kxd5 Rf4 {Rest unleserlich} 0-1